Wszystkie występy reprezentacji Polski na mundialach. - Statystyki

Ogólne statystyki
  • Ten quiz został rozwiązany 45 razy
  • Średni wynik to 8 z 9
Statystyki odpowiedzi
nr. Rok występu % Poprawnych
5. 1986
98%
6. 2002
95%
7. 2006
95%
8. 2018
95%
9. 2022
95%
4. 1982
93%
2. 1974
91%
3. 1978
91%
1. 1938
67%
Nie znaleziono quizów pasujących do podanych kryteriów
Rozkład punktacji
Procent ludzi z każdym wynikiem
Percentyl według liczby udzielonych odpowiedzi
Twoja historia wyników
Nie rozwiązałeś tego quizu